Central Library OPAC University of Rajshahi

ব্যবস্হাপনা চিন্তাধারার ইতিহাস / (Record no. 47565)

MARC details
000 -LEADER
fixed length control field 00950nam a2200229 a 4500
001 - CONTROL NUMBER
control field 47565
003 - CONTROL NUMBER IDENTIFIER
rucl marc code BD-RjUL
005 - DATE AND TIME OF LATEST TRANSACTION
control field 20211209054338.0
008 - FIXED-LENGTH DATA ELEMENTS--GENERAL INFORMATION
fixed length control field 160809s1993 bg ||||| |||| 00| 0 ben d
035 ## - SYSTEM CONTROL NUMBER
System control number (BD-RjUL)
040 ## - CATALOGING SOURCE
Original cataloging agency BD-RjUL
Language of cataloging ben
Transcribing agency BD-RjUL
Modifying agency BD-RjUL
041 ## - LANGUAGE CODE
Language code of text/sound track or separate title ben
082 ## - DEWEY DECIMAL CLASSIFICATION NUMBER
Edition number 23
Classification number 658.009
Author mark and year GEB 1993
100 ## - MAIN ENTRY--PERSONAL NAME
Personal name জর্জ, ক্লড এস.
9 (RLIN) 144579
245 10 - TITLE STATEMENT
Title ব্যবস্হাপনা চিন্তাধারার ইতিহাস /
Statement of responsibility, etc. ক্লড এস. জর্জ
260 ## - PUBLICATION, DISTRIBUTION, ETC. (IMPRINT)
Place of publication, distribution, etc. ঢাকা :
Name of publisher, distributor, etc. পেপার প্রসেসিং এন্ড প্যাকেজিং লিমিটেড,
Date of publication, distribution, etc. ১৯৯৩
300 ## - PHYSICAL DESCRIPTION
Pagination ৩০৮ পৃ. ;
Size ২২ সেমি.
650 ## - SUBJECT ADDED ENTRY--TOPICAL TERM
Topical term or geographic name as entry element ব্যবস্হাপনা
General subdivision ইতিহাস
9 (RLIN) 144580
Topical term or geographic name as entry element Management
General subdivision History
9 (RLIN) 133584
700 ## - ADDED ENTRY--PERSONAL NAME
Personal name রহমান, এম.শামসুর অনুবাদ
942 ## - ADDED ENTRY ELEMENTS (KOHA)
Source of classification or shelving scheme Dewey Decimal Classification
Koha item type Books
Holdings
Lost status Source of classification or shelving scheme Damaged status Not for loan Collection code Permanent Location Current Location Shelving location Date acquired Source of acquisition Total Checkouts Full call number Date last seen Copy number Koha item type
  Dewey Decimal Classification     Non-fiction Central Library, University of Rajshahi Central Library, University of Rajshahi   28/05/1995 Anudan   B 658.009 GEB 1993 09/08/2016 C-2 Books
  Dewey Decimal Classification     Non-fiction Central Library, University of Rajshahi Central Library, University of Rajshahi   28/05/1995 Anudan   B 658.009 GEB 1993 09/08/2016 C-3 Books